000 00619cam a22002053a 4500
001 44722
003 PGUSA
005 20140828084024.0
008 140120s2014||||xxu|||||s|||||000 | eng d
040 _aPGUSA
_beng
042 _adc
100 1 _aBernstein, Eduard,
_d1850-1932
245 1 0 _aFerdinand Lassalle :
_bEine Würdigung des Lehrers und Kämpfers
_h[electronic resource] /
_cEduard Bernstein
260 _bProject Gutenberg,
_c2014
506 _aPublic domain in the USA.
516 _aElectronic text
830 0 _aProject Gutenberg
_v44722
856 4 0 _uhttp://www.gutenberg.org/ebooks/44722
942 _cEB
999 _c273973
_d273973